| 000 | 00000nam##2200000za#4500 |
| 001 | 9.628208 |
| 003 | CaOODSP |
| 005 | 20210615105647 |
| 007 | ta |
| 008 | 150406|2009||||xxc||||| f|0| 0 fre|d |
| 022 | |a0706-6570 |
| 040 | |aCaOODSP|bfre |
| 043 | |an-cn--- |
| 086 | 1 |aFs97-6/2834F |
| 110 | 1 |aCanada. |bMinistère des pêches et des océans. |
| 245 | 10|aÉvaluation de l'efficacité de deux types de casiers à homard utilisés aux Îles-de-la-Madeleine en 2008 / |c[Par] Louise Gendron et Yves Grégoire. |
| 260 | |aMont-Joli - Québec : |bPêches et Océans Canada |c2009. |
| 300 | |aviii, 44p. : |bgraphiques, cartes, références, tableaux ; |c28 cm. |
| 490 | 1 |aRapport technique canadien des sciences halieutiques et aquatiques|x0706-6570|vN° 2834 |
| 500 | |a"Direction régionale des Sciences, Pêches et Océans Canada, Institut Maurice-Lamontagne, 850 route de la Mer, Mont-Joli (Québec), G5H 3Z4". |
| 546 | |a(Abstract in English) |
| 563 | |aCouverture souple |
| 590 | |a09-17|b2009-04-24 |
| 720 | 1 |aGendron, Louise |
| 720 | 1 |aGrégoire, Yves |
| 776 | 0#|tÉvaluation de l'efficacité de deux types de casiers à homard utilisés aux Îles-de-la-Madeleine en 2008 / |w(CaOODSP)9.604075 |
| 830 | #0|aRapport technique canadien des sciences halieutiques et aquatiques,|x0706-6570|vN° 2834|w(CaOODSP)9.513015 |